Revitalizando los servicios : tres enfoques de gestión que serán comunes en las empresas del siglo XXI /

Guardado en:
Autor Principal: Huete, Luis María.
Formato: Libro
Idioma:Spanish
Publicado: Barcelona : Ediciones Folio, c1997.
Series:Biblioteca IESE de gestión de empresas.
Materias:
Etiquetas: Agregar Etiqueta
Sin Etiquetas, Sea el primero en etiquetar este registro!
LEADER 01008nam a22002415 4500
001 EAD.ead002802
008 080718s1997####sp#a#####b####000#0#spa#d
005 20110527163837.0
245 1 0 |a Revitalizando los servicios :  |b tres enfoques de gestión que serán comunes en las empresas del siglo XXI /  |c L. M. Huete. 
260 |a Barcelona :  |b Ediciones Folio,  |c c1997. 
300 |a 123 p. :  |b il. ;  |c 25 cm. 
490 1 |a Biblioteca IESE de gestión de empresas 
504 |a Incluye referencias bibliográficas. 
505 0 |a Enfoques de fidelización y satisfacción de clientes -- Enfoques de creación de valor para los clientes -- Enfoques de gestión de empleados. 
020 |a 8441306060 
100 1 |a Huete, Luis María. 
830 0 |a Biblioteca IESE de gestión de empresas. 
082 0 4 |a 658.8  |2 21 
653 |a Marketing de servicios 
650 7 |a Satisfacción del cliente.  |2 isoc 
650 7 |a Valor.  |2 unbist 
650 7 |a Ventas.  |2 unbist 
859 |a AR-BaBDC  |b BIB. ADMINISTRACION - Libros  |h 658.8  |i H871  |p b03649